zpět

Detail výsledku týmu

Rockle Klub, České Budějovice

Datum a čas kvízu

31 Celkem bodů Celkový počet nahraných bodů na tomto kvízu bez doplňovacích otázek.
3. Pořadí na kvízu Konečné umístění týmu na tomto kvízu.

Zaznamenané odpovědi

# Otázka Odpověď Body Výsledky
1. Nejsledovanějším, nejprestižně... Jedlovou 1
2. V Severní Koreji zavedli nový... ruský jazyk 1
3. Která televizní stanice letos... TV Seznam 0
4. Která automobilka představila... Škoda Auto 0
5. Za který tým hrál minulý týden... Arsenal 0
6. Seřaďte tyto ostrovy dle rozlo... 1C 2A 3D 4B 0
7. Nyní přiřaďte ostrovy ke států... 1B 2A 3C 4D 1
8. Kterému ostrovnímu středomořsk... Kypr 0
9. Nyní si odskočíme ke kinematog... Řek Zorba, Anthony Quinn 0.5
10. Ke kterému středomořskému ostr... Elba 1